Information systems management in practice
Saved in:
| Main Author: | |
|---|---|
| Other Authors: | |
| Format: | Book |
| Language: | English |
| Published: |
Englewood Cliffs, N. J. :
Prentice-Hall,
1986
|
| Subjects: | |
| Tags: |
Add Tag
No Tags, Be the first to tag this record!
|
MARC
| LEADER | 00000nam a2200000 i 4500 | ||
|---|---|---|---|
| 001 | 1/36927 | ||
| 008 | 971030s1986 eng d | ||
| 020 | |a 0134649591 | ||
| 035 | |l 10024583 | ||
| 040 | |a GR-MY-UA |b gre |e aacr | ||
| 041 | 0 | |a eng | |
| 082 | 0 | |a 658.4038 | |
| 100 | 1 | |a Sprague, Ralph H. | |
| 245 | 1 | 0 | |a Information systems management in practice |
| 260 | |a Englewood Cliffs, N. J. : |b Prentice-Hall, |c 1986 | ||
| 300 | |a 501 p. | ||
| 650 | 0 | 0 | |a Management information systems |x Management. |
| 650 | 0 | 0 | |a Information resources management. |
| 700 | 1 | |a McNurlin, Barbara C. |q (Barbara Canning) | |
| 852 | |a INST |b CHIOS |e 19971030 |h 658.4038 INF |p 005200004412 |q 005200004412 |t BK |y 0 | ||
| 909 | |a Χ |b 010306 | ||